उहिलेको पत्रकारिता. (Record no. 108512)
[ view plain ]
| 000 -LEADER | |
|---|---|
| fixed length control field | 00586nam a22001457a 4500 |
| 008 - FIXED-LENGTH DATA ELEMENTS--GENERAL INFORMATION | |
| fixed length control field | 230322b |||||||| |||| 00| 0 eng d |
| 041 ## - LANGUAGE CODE | |
| Language code of text/sound track or separate title | Nep. |
| 082 ## - DEWEY DECIMAL CLASSIFICATION NUMBER | |
| Classification number | N070.0922/A487u |
| 100 ## - MAIN ENTRY--PERSONAL NAME | |
| Personal name | आचार्य, सुरेश 'सम्पा' |
| 245 ## - TITLE STATEMENT | |
| Title | उहिलेको पत्रकारिता. |
| 260 ## - PUBLICATION, DISTRIBUTION, ETC. | |
| Place of publication, distribution, etc. | मकवानपुर: |
| Name of publisher, distributor, etc. | आन्तरिक मामिला तथा कानुन मन्त्रालय, |
| Date of publication, distribution, etc. | २०७९ वि. |
| 300 ## - PHYSICAL DESCRIPTION | |
| Other physical details | १४३ पृ. |
| 650 ## - SUBJECT ADDED ENTRY--TOPICAL TERM | |
| Topical term or geographic name entry element | पत्रकारहरु-जीवनी |
| 942 ## - ADDED ENTRY ELEMENTS (KOHA) | |
| Source of classification or shelving scheme | Dewey Decimal Classification |
| Koha item type | General Collections |
| Withdrawn status | Lost status | Source of classification or shelving scheme | Damaged status | Not for loan | Home library | Current library | Shelving location | Date acquired | Total Checkouts | Full call number | Barcode | Date last seen | Price effective from | Koha item type |
|---|---|---|---|---|---|---|---|---|---|---|---|---|---|---|
| Dewey Decimal Classification | Tribhuvan University Central Library | Tribhuvan University Central Library | New Building | 03/22/2023 | N070.0922/A487u | G88633 | 03/22/2023 | 03/22/2023 | General Collections | |||||
| Dewey Decimal Classification | Tribhuvan University Central Library | Tribhuvan University Central Library | New Building | 03/22/2023 | N070.0922/A487u | G88634 | 03/22/2023 | 03/22/2023 | General Collections | |||||
| Dewey Decimal Classification | Tribhuvan University Central Library | Tribhuvan University Central Library | New Building | 03/22/2023 | N070.0922/A487u | G88635 | 03/22/2023 | 03/22/2023 | General Collections | |||||
| Dewey Decimal Classification | Tribhuvan University Central Library | Tribhuvan University Central Library | New Building | 03/22/2023 | N070.0922/A487u | G88636 | 03/22/2023 | 03/22/2023 | General Collections | |||||
| Dewey Decimal Classification | Tribhuvan University Central Library | Tribhuvan University Central Library | New Building | 03/22/2023 | N070.0922/A487u | G88637 | 03/22/2023 | 03/22/2023 | General Collections |
